[Event "4NCL Division 2a"]
[Site "Daventry, ENG"]
[Date "2018.11.10"]
[Round "1.26"]
[White "Kay, Lee P"]
[Black "Young, Daniel J"]
[Result "1-0"]
[WhiteElo "2027"]
[BlackElo "2019"]
[PlyCount "127"]
[EventDate "2018.11.10"]
[WhiteTeam "Manchester Manticores 1"]
[BlackTeam "KJCA Kings"]

1. f4 c5 2. Nf3 Nc6 3. g3 g6 4. Bg2 Bg7 5. O-O e6 6. e4 Nge7 7. c3 O-O 8. Na3
d5 9. d3 b6 10. e5 f6 11. Qe2 fxe5 12. fxe5 Ba6 13. Bg5 Qd7 14. Rae1 Rf7 15.
Bf6 Bxf6 16. exf6 Rxf6 17. Ne5 Rxf1+ 18. Bxf1 Nxe5 19. Qxe5 Bc8 20. Bh3 Nf5 21.
g4 Ne7 22. g5 Nf5 23. Bxf5 gxf5 24. Re3 Qg7 25. Qd6 Bd7 26. Nc2 Rf8 27. d4 f4
28. Re5 c4 29. Ne1 f3 30. Kf2 Qf7 31. Re3 Qf4 32. Qxf4 Rxf4 33. Rxf3 Re4 34.
Re3 Rf4+ 35. Nf3 Be8 36. Kg3 Rf5 37. Rxe6 Bh5 38. Ne5 Rxg5+ 39. Kh4 Rf5 40. Rd6
Bf3 41. Rd8+ Kg7 42. Rd7+ Kg8 43. Rxa7 Be4 44. Rb7 Rf2 45. Rxb6 Rxh2+ 46. Kg5
h5 47. a4 h4 48. Rb8+ Kg7 49. Rb7+ Kf8 50. Ng4 Rh1 51. Nf2 Ra1 52. Kxh4 Rxa4
53. Nxe4 dxe4 54. Kg3 Ra1 55. Kf2 Rb1 56. Ke3 Re1+ 57. Kd2 Rb1 58. Rb4 Ke7 59.
Rxc4 Rxb2+ 60. Ke3 Kd6 61. Rc5 Rc2 62. Kxe4 Re2+ 63. Kd3 Rh2 64. Rg5 1-0

[Event "4NCL Division 2a"]
[Site "Daventry, ENG"]
[Date "2018.11.10"]
[Round "1.27"]
[White "Ng Chung Lok Andrew"]
[Black "Newton, Robert A"]
[Result "1/2-1/2"]
[WhiteElo "1923"]
[BlackElo "2042"]
[PlyCount "137"]
[EventDate "2018.11.10"]
[WhiteTeam "KJCA Kings"]
[BlackTeam "Manchester Manticores 1"]

1. d4 c5 2. d5 g6 3. c4 b5 4. cxb5 Bg7 5. Nc3 d6 6. e4 Nf6 7. Nf3 Nbd7 8. a4 a6
9. bxa6 O-O 10. Be2 Bxa6 11. O-O Qb8 12. Bxa6 Rxa6 13. Qe2 Qa8 14. Ra3 Rb8 15.
b3 Rb4 16. Nd2 e6 17. Nb5 Ne8 18. Nc4 Nb6 19. Ncxd6 Nxd6 20. Nxd6 Nxd5 21. Nb5
Nc3 22. Nxc3 Bxc3 23. Qc2 Bd4 24. Bd2 Rb8 25. Rb1 Rc8 26. a5 e5 27. Be1 h5 28.
Ra4 Kg7 29. Rc4 f5 30. exf5 Rf8 31. b4 cxb4 32. Rc7+ Rf7 33. Rxf7+ Kxf7 34.
Qc7+ Kf6 35. fxg6 Kxg6 36. Rxb4 Qe4 37. Qc1 Rc6 38. Qb1 Rc2 39. Rc4 Bxf2+ 40.
Bxf2 Rxc4 41. Qd1 Qc6 42. Qd3+ e4 43. Qg3+ Kf7 44. Qf4+ Qf6 45. Qd2 Qa1+ 46.
Be1 Qd4+ 47. Qxd4 Rxd4 48. Kf2 Rd3 49. Bb4 Rb3 50. Bc5 Rb2+ 51. Kg3 Ra2 52. Bb4
Ke6 53. h4 Kd5 54. Kh3 Kc4 55. Be1 Kd3 56. g4 Ke2 57. Bb4 Rb2 58. Bd6 Rb3+ 59.
Bg3 Kf1 60. a6 e3 61. a7 Ra3 62. Bd6 hxg4+ 63. Kxg4 Ra4+ 64. Kg5 Kg2 65. h5 e2
66. Bb4 Kf1 67. a8=Q Rxa8 68. h6 Rb8 69. Bc3 1/2-1/2

[Event "4NCL Division 2a"]
[Site "Daventry, ENG"]
[Date "2018.11.10"]
[Round "1.28"]
[White "Whitehead, Mark A"]
[Black "Anilkumar, Anantha P"]
[Result "1/2-1/2"]
[WhiteElo "1960"]
[BlackElo "1834"]
[PlyCount "63"]
[EventDate "2018.11.10"]
[WhiteTeam "Manchester Manticores 1"]
[BlackTeam "KJCA Kings"]

1. e4 c5 2. Nc3 Nc6 3. g3 g6 4. Bg2 Bg7 5. d3 e6 6. Be3 d6 7. Qd2 Nd4 8. Nd1 e5
9. c3 Nc6 10. Ne2 Bg4 11. h3 Be6 12. O-O Nge7 13. f4 Qd7 14. Nf2 b6 15. d4 exd4
16. cxd4 d5 17. exd5 Bxd5 18. dxc5 Bxg2 19. Qxd7+ Kxd7 20. Kxg2 Kc7 21. Ne4 Nd5
22. Bf2 Bxb2 23. Rab1 Rhe8 24. Kf3 f5 25. Rxb2 Rxe4 26. cxb6+ axb6 27. Rc1 Kb7
28. Nc3 Ra3 29. Rb3 Rxb3 30. axb3 Nxc3 31. Rxc3 Nb4 32. g4 1/2-1/2

[Event "4NCL Division 2a"]
[Site "Daventry, ENG"]
[Date "2018.11.10"]
[Round "1.31"]
[White "Lewis, Andrew P"]
[Black "Pitcher, John"]
[Result "1-0"]
[WhiteElo "2297"]
[BlackElo "2250"]
[PlyCount "85"]
[EventDate "2018.11.10"]
[WhiteTeam "Anglian Avengers"]
[BlackTeam "Warwickshire Select 1"]

1. c4 c5 2. Nf3 Nf6 3. Nc3 e6 4. g3 b6 5. Bg2 Bb7 6. O-O Be7 7. Re1 Ne4 8. d4
Nxc3 9. bxc3 Be4 10. Bf1 Bxf3 11. exf3 cxd4 12. cxd4 O-O 13. f4 Nc6 14. Be3 Rc8
15. Rc1 Ba3 16. Rb1 Bb4 17. Re2 Be7 18. Qa4 Qc7 19. Rc2 Na5 20. Rcc1 Rfd8 21.
h4 Qc6 22. Qd1 d5 23. cxd5 Qxd5 24. Qa4 g6 25. Rb5 Qd6 26. Rxc8 Rxc8 27. f5
exf5 28. Bf4 Qa3 29. Qxa3 Bxa3 30. Rd5 Nc6 31. Rd7 Rd8 32. d5 Rxd7 33. dxc6 Rd8
34. c7 Rc8 35. Ba6 Rxc7 36. Bxc7 Bc5 37. Bb8 Kf8 38. Bxa7 Ke7 39. Bb8 f6 40.
Bf4 Kd8 41. Bc4 Bf8 42. Be3 Kc7 43. Bg8 1-0

[Event "4NCL Division 2a"]
[Site "Daventry, ENG"]
[Date "2018.11.10"]
[Round "1.32"]
[White "Brooks, Phil J"]
[Black "Player, Edmund C"]
[Result "1/2-1/2"]
[WhiteElo "2178"]
[BlackElo "2245"]
[PlyCount "101"]
[EventDate "2018.11.10"]
[WhiteTeam "Warwickshire Select 1"]
[BlackTeam "Anglian Avengers"]

1. d4 Nf6 2. c4 g6 3. Nc3 d5 4. cxd5 Nxd5 5. e4 Nxc3 6. bxc3 Bg7 7. Qa4+ Nd7 8.
Be3 c5 9. Rc1 cxd4 10. cxd4 O-O 11. Nf3 Nb6 12. Qb4 f5 13. e5 Be6 14. Qb2 Rc8
15. Be2 Rxc1+ 16. Bxc1 Qd5 17. a3 Qb3 18. Qxb3 Bxb3 19. O-O Rc8 20. Bd2 Bc4 21.
Bxc4+ Rxc4 22. Rc1 Rxc1+ 23. Bxc1 h6 24. Kf1 Kf7 25. Ke2 e6 26. Kd3 Nd5 27. Kc4
Bf8 28. Ne1 Ke8 29. Nd3 Kd7 30. a4 Kc6 31. Bd2 b6 32. h4 a6 33. g3 Kc7 34. Kb3
Kb7 35. Kc4 Kc6 36. Bc1 b5+ 37. axb5+ axb5+ 38. Kb3 Nc7 39. Nf4 g5 40. hxg5
hxg5 41. Ng6 Bh6 42. Ne7+ Kd7 43. Ng8 Bg7 44. Bxg5 Nd5 45. Nf6+ Bxf6 46. Bxf6
Ke8 47. Bg5 Kf7 48. Bd2 Kg6 49. f3 Kh5 50. Kc2 Kg6 51. Kd3 1/2-1/2

[Event "4NCL Division 2a"]
[Site "Daventry, ENG"]
[Date "2018.11.10"]
[Round "1.33"]
[White "Moore, Graham J"]
[Black "Mason, Donald J"]
[Result "1-0"]
[WhiteElo "2240"]
[BlackElo "2165"]
[PlyCount "79"]
[EventDate "2018.11.10"]
[WhiteTeam "Anglian Avengers"]
[BlackTeam "Warwickshire Select 1"]

1. e4 e6 2. d3 d5 3. Nd2 Nf6 4. Ngf3 c5 5. g3 Nc6 6. Bg2 Be7 7. O-O O-O 8. Re1
b5 9. e5 Nd7 10. Nf1 Qc7 11. Bf4 Bb7 12. h4 Rfc8 13. h5 h6 14. Qd2 Qd8 15. N1h2
a5 16. g4 b4 17. c4 bxc3 18. bxc3 a4 19. g5 hxg5 20. Nxg5 Ndxe5 21. Nxe6 fxe6
22. Bxe5 Nxe5 23. Rxe5 Bd6 24. Rxe6 Ra6 25. Qe2 Qg5 26. Rb1 Rc7 27. Ng4 Kh7 28.
Rg6 Qf5 29. Qf3 Bc8 30. Qxd5 Qxd5 31. Bxd5 Re7 32. Be4 Kh8 33. f3 a3 34. Kf2
Be6 35. c4 Kg8 36. Nf6+ Kf8 37. Nd5 Rf7 38. Rxe6 Bg3+ 39. Kxg3 Rxe6 40. Rb8+
1-0

[Event "4NCL Division 2a"]
[Site "Daventry, ENG"]
[Date "2018.11.10"]
[Round "1.34"]
[White "Hanley, James L"]
[Black "Gallagher, Daniel GH"]
[Result "1/2-1/2"]
[WhiteElo "2229"]
[BlackElo "2267"]
[PlyCount "107"]
[EventDate "2018.11.10"]
[WhiteTeam "Warwickshire Select 1"]
[BlackTeam "Anglian Avengers"]

1. e4 c5 2. Nf3 d6 3. c3 Nf6 4. g3 Nc6 5. d3 g6 6. Bg2 Bg7 7. O-O O-O 8. Re1
Bg4 9. h3 Bxf3 10. Bxf3 Rb8 11. Be3 b5 12. a3 a5 13. Bg2 b4 14. axb4 axb4 15.
d4 bxc3 16. bxc3 cxd4 17. cxd4 e5 18. d5 Nd4 19. Nc3 Nd7 20. Ne2 Nc5 21. Ra3
Rb4 22. Bd2 Rb3 23. Rxb3 Ncxb3 24. Nxd4 Nxd4 25. Qa4 Qb6 26. Be3 Rc8 27. Ra1 h5
28. Qd7 Rd8 29. Qe7 Bf8 30. Qf6 Re8 31. Bxd4 exd4 32. Qf3 Bg7 33. Qd3 Rc8 34.
Ra6 Qb4 35. Rc6 Ra8 36. Rc4 Ra1+ 37. Bf1 Qe1 38. Rc8+ Kh7 39. Kg2 h4 40. gxh4
Be5 41. Qe2 Qb1 42. Rc2 Ra3 43. Rd2 Qc1 44. h5 g5 45. Qd1 Qxd1 46. Rxd1 Kh6 47.
Be2 d3 48. Bxd3 Kxh5 49. Be2+ Kg6 50. Bg4 Rc3 51. Rd2 Rc4 52. Bf5+ Kf6 53. Ra2
Bd4 54. Kf3 1/2-1/2

[Event "4NCL Division 2a"]
[Site "Daventry, ENG"]
[Date "2018.11.10"]
[Round "1.35"]
[White "Talsma, Paul"]
[Black "Fallowfield, Jeremy R"]
[Result "1-0"]
[WhiteElo "2171"]
[BlackElo "2132"]
[PlyCount "52"]
[EventDate "2018.11.10"]
[WhiteTeam "Anglian Avengers"]
[BlackTeam "Warwickshire Select 1"]

1. d4 Nf6 2. c4 g6 3. Nc3 d5 4. Nf3 Bg7 5. Qa4+ c6 6. cxd5 Nxd5 7. e4 Nxc3 8.
bxc3 O-O 9. Be3 c5 10. Be2 Nc6 11. Rc1 cxd4 12. cxd4 Bd7 13. Qa3 Rc8 14. O-O
Qa5 15. Qb3 b6 16. d5 Ne5 17. Nd4 Rxc1 18. Rxc1 Rc8 19. Rxc8+ Bxc8 20. h3 Nd7
21. Nc6 Qe1+ 22. Kh2 Qxe2 23. Nxe7+ Kh8 24. Nxc8 Nc5 25. Qa3 Nxe4 26. Qe7 h6
1-0

[Event "4NCL Division 2a"]
[Site "Daventry, ENG"]
[Date "2018.11.10"]
[Round "1.36"]
[White "Page, Mark E"]
[Black "Peck, Silas"]
[Result "1-0"]
[WhiteElo "2153"]
[BlackElo "2087"]
[PlyCount "81"]
[EventDate "2018.11.10"]
[WhiteTeam "Warwickshire Select 1"]
[BlackTeam "Anglian Avengers"]

1. e4 e5 2. Nf3 Nc6 3. Bb5 a6 4. Ba4 Nf6 5. O-O Be7 6. Qe2 b5 7. Bb3 d6 8. c3
Bg4 9. Rd1 O-O 10. d4 exd4 11. cxd4 d5 12. e5 Ne4 13. a4 b4 14. a5 Kh8 15. h3
Bh5 16. g4 Bg6 17. Be3 f5 18. Rc1 fxg4 19. hxg4 Qd7 20. Nh2 Bg5 21. Nd2 Nxd2
22. Qxd2 Bxe3 23. Qxe3 Ne7 24. f4 Be4 25. Bc2 Bxc2 26. Rxc2 g6 27. Rf1 c6 28.
Rg2 Qe6 29. Nf3 h6 30. Nd2 Rf7 31. Nb3 Raf8 32. Nc5 Qc8 33. e6 Rg7 34. Rh2 Rh7
35. Qe5+ Kg8 36. Nd7 Qe8 37. Kh1 Qd8 38. f5 gxf5 39. gxf5 Rg7 40. Nf6+ Rxf6 41.
Qxf6 1-0

[Event "4NCL Division 2a"]
[Site "Daventry, ENG"]
[Date "2018.11.10"]
[Round "1.37"]
[White "Cocks, Elliot"]
[Black "Paterson, Andrew I"]
[Result "0-1"]
[WhiteElo "2042"]
[BlackElo "2050"]
[PlyCount "84"]
[EventDate "2018.11.10"]
[WhiteTeam "Anglian Avengers"]
[BlackTeam "Warwickshire Select 1"]

1. Nf3 d5 2. b3 c5 3. Bb2 Nc6 4. g3 Nf6 5. Bg2 Bf5 6. O-O e6 7. c4 d4 8. e3 Nb4
9. exd4 Bc2 10. Qc1 Bd3 11. Re1 Nc2 12. Ne5 Nxe1 13. Qxe1 Bxb1 14. Bxb7 Be4 15.
Bxe4 Nxe4 16. Qxe4 Rc8 17. d5 Qf6 18. Re1 Be7 19. Bc3 Rc7 20. Ba5 Rc8 21. d6
Bxd6 22. Qb7 O-O 23. Bc3 Qe7 24. Qe4 Rfe8 25. Qg4 Bxe5 26. Rxe5 f6 27. Re3 Qf7
28. h4 e5 29. Qe4 Qg6 30. Qd5+ Qf7 31. Qe4 Red8 32. Kg2 Qg6 33. Qb7 Qf7 34. Qe4
Rd7 35. Qf5 Rdd8 36. Qe4 Qe8 37. Kh2 Qc6 38. Qg4 Qd7 39. Qe4 h5 40. Ba5 Re8 41.
Rd3 Qe6 42. Qf3 e4 0-1

[Event "4NCL Division 2a"]
[Site "Daventry, ENG"]
[Date "2018.11.10"]
[Round "1.38"]
[White "Phillips, David"]
[Black "Sheerin, Alex"]
[Result "0-1"]
[WhiteElo "1825"]
[BlackElo "2027"]
[PlyCount "90"]
[EventDate "2018.11.10"]
[WhiteTeam "Warwickshire Select 1"]
[BlackTeam "Anglian Avengers"]

1. Nf3 Nf6 2. b3 g6 3. Bb2 Bg7 4. g3 O-O 5. Bg2 d6 6. O-O c6 7. c4 Nbd7 8. Nc3
e5 9. d4 e4 10. Ne1 d5 11. cxd5 cxd5 12. f3 exf3 13. Bxf3 Nb6 14. a4 Bh3 15.
Ng2 Re8 16. a5 Nc8 17. Re1 Bxg2 18. Kxg2 Ne7 19. a6 b6 20. Qd3 Nf5 21. e3 h5
22. Nd1 h4 23. g4 Nd6 24. Nf2 Nde4 25. Bxe4 Nxe4 26. Nh1 Qd7 27. Qe2 Bh6 28. h3
Qd6 29. Ba3 Qb8 30. Qf3 Re6 31. Rf1 Qe8 32. Rac1 Nd2 33. Qxd5 Nxf1 34. Rxf1 Rd8
35. Qc4 Bxe3 36. d5 Re4 37. Qd3 Bd4 38. d6 Qe5 39. Qf3 Rd7 40. Nf2 Re3 41. Qa8+
Kg7 42. Qc6 Rg3+ 43. Kh1 Bxf2 44. Bb2 Qxb2 45. Qxd7 Qe2 0-1

[Event "4NCL Division 2a"]
[Site "Daventry, ENG"]
[Date "2018.11.10"]
[Round "1.41"]
[White "Lang, Adam R"]
[Black "Baker, Chris W"]
[Result "0-1"]
[WhiteElo "2178"]
[BlackElo "2285"]
[PlyCount "156"]
[EventDate "2018.11.10"]
[WhiteTeam "Bradford DCA Knights A"]
[BlackTeam "The ADs"]

1. e4 e5 2. Nf3 Nc6 3. Bb5 a6 4. Ba4 Nf6 5. O-O Be7 6. Re1 b5 7. Bb3 O-O 8. a4
Bb7 9. Nc3 Nd4 10. Nxd4 exd4 11. Nd5 Nxd5 12. Bxd5 Bxd5 13. exd5 d3 14. axb5
Bc5 15. Rxa6 Qh4 16. Qf3 Rae8 17. Rf1 dxc2 18. b3 Re4 19. d3 Rb4 20. Ra2 Rxb3
21. Rxc2 Bd6 22. g3 Qd4 23. b6 Rxd3 24. Be3 cxb6 25. Bxd4 Rxf3 26. Bxb6 Rd3 27.
Bc5 Rxd5 28. Bxd6 Rxd6 29. Rc7 Rd8 30. Rb1 Kf8 31. h4 Ke7 32. Kf1 h5 33. Ke2
Ra8 34. Rb2 Ra5 35. Kf3 Rd3+ 36. Ke2 Rad5 37. Ra7 Ke6 38. Ra4 Rc3 39. Rf4 Re5+
40. Kf1 Rc7 41. Rd2 d5 42. Ra2 Rd7 43. Ra6+ Ke7 44. Raa4 g6 45. Rab4 f5 46.
Rfd4 Re4 47. f3 Rxd4 48. Rxd4 Kd6 49. Ke2 Ra7 50. Rb4 Kc5 51. Rb2 Ra3 52. Rc2+
Kd4 53. Rd2+ Kc4 54. Rc2+ Rc3 55. Ra2 d4 56. Ra4+ Kd5 57. Ra5+ Rc5 58. Ra6 Rc2+
59. Kd3 Rc3+ 60. Ke2 Re3+ 61. Kd2 Rxf3 62. Rxg6 Rf2+ 63. Kd3 Ra2 64. Rg8 Ra3+
65. Ke2 Re3+ 66. Kd2 Ke4 67. Rg7 Ra3 68. Re7+ Kf3 69. Rg7 Ra2+ 70. Kd3 Rg2 71.
Kxd4 f4 72. Rg5 fxg3 73. Rxh5 Rd2+ 74. Kc3 Rd8 75. Rg5 g2 76. h5 Kf2 77. Rf5+
Kg3 78. Rg5+ Kh2 0-1

[Event "4NCL Division 2a"]
[Site "Daventry, ENG"]
[Date "2018.11.10"]
[Round "1.42"]
[White "Snape, Ian L"]
[Black "Bak, Christopher"]
[Result "0-1"]
[WhiteElo "2170"]
[BlackElo "2037"]
[PlyCount "86"]
[EventDate "2018.11.10"]
[WhiteTeam "The ADs"]
[BlackTeam "Bradford DCA Knights A"]

1. d4 Nf6 2. Nf3 e6 3. g3 c5 4. Bg2 Nc6 5. O-O cxd4 6. Nxd4 Bc5 7. Nb3 Be7 8.
c4 Qc7 9. Nc3 d6 10. Bg5 a6 11. Rc1 O-O 12. e4 Ne5 13. Nd4 Qa5 14. b3 Nc6 15.
Nxc6 bxc6 16. e5 Qxe5 17. Bxc6 Rb8 18. Bf4 Qc5 19. Bg2 Rd8 20. Be3 Qc7 21. Na4
Bd7 22. Nc3 Bc8 23. Qe2 Bb7 24. f3 Qa5 25. Ne4 d5 26. Nxf6+ Bxf6 27. cxd5 Bxd5
28. Rc5 Qb4 29. Rfc1 Qb7 30. f4 g6 31. Bxd5 Rxd5 32. Qc4 Rbd8 33. Rc7 Rd1+ 34.
Rxd1 Rxd1+ 35. Kf2 Qh1 36. Qe2 Qxh2+ 37. Kf3 Qh1+ 38. Kf2 Rg1 39. Bc5 Rg2+ 40.
Ke3 Rxe2+ 41. Kxe2 Qe4+ 42. Kd2 Qg2+ 43. Kd1 h5 0-1

[Event "4NCL Division 2a"]
[Site "Daventry, ENG"]
[Date "2018.11.10"]
[Round "1.43"]
[White "Jennings, Roger W"]
[Black "Duggan, John E"]
[Result "1/2-1/2"]
[WhiteElo "2020"]
[BlackElo "2192"]
[PlyCount "66"]
[EventDate "2018.11.10"]
[WhiteTeam "Bradford DCA Knights A"]
[BlackTeam "The ADs"]

1. g3 d5 2. Bg2 e5 3. d3 g6 4. Nf3 Bg7 5. O-O Ne7 6. Nc3 O-O 7. Bg5 f6 8. Bd2
Be6 9. Qc1 Re8 10. e4 c6 11. Re1 Bf7 12. Na4 Na6 13. b4 b5 14. Nb2 d4 15. c3
Qd6 16. cxd4 Nxb4 17. dxe5 fxe5 18. d4 a5 19. dxe5 Bxe5 20. Nxe5 Qxe5 21. a3
Na2 22. Qc2 Red8 23. Bf4 Qc3 24. Qxc3 Nxc3 25. Bg5 Kf8 26. Bf6 b4 27. axb4 axb4
28. Rxa8 Rxa8 29. Nd3 Na2 30. Ne5 Be8 31. Nc4 Bf7 32. Ne5 Be8 33. Nc4 Bf7
1/2-1/2

[Event "4NCL Division 2a"]
[Site "Daventry, ENG"]
[Date "2018.11.10"]
[Round "1.44"]
[White "Ahluwalia, Amardip"]
[Black "Nicholson, Jim W R"]
[Result "1-0"]
[WhiteElo "2132"]
[BlackElo "2004"]
[PlyCount "77"]
[EventDate "2018.11.10"]
[WhiteTeam "The ADs"]
[BlackTeam "Bradford DCA Knights A"]

1. e4 c6 2. c4 d5 3. cxd5 cxd5 4. exd5 Nf6 5. Nc3 g6 6. Bc4 Bg7 7. Nf3 O-O 8.
O-O Nbd7 9. d3 a6 10. a4 Nb6 11. Qb3 Qd6 12. Be3 Nbd7 13. h3 Ne5 14. Nxe5 Qxe5
15. Rfe1 Qh5 16. Bf4 g5 17. Re5 h6 18. Bg3 Qg6 19. Rxe7 Nh5 20. Ne4 g4 21. h4
Bf5 22. Re1 Bd4 23. Rxb7 Rae8 24. Kh2 Bxe4 25. dxe4 Kh8 26. Qd3 Qf6 27. Re2
Nxg3 28. fxg3 Bc5 29. Re1 Bd6 30. Kg1 Be5 31. Rf1 Qd6 32. Rbxf7 Rxf7 33. Rxf7
Rc8 34. b3 Qb6+ 35. Kh1 Qd6 36. h5 Rg8 37. Qf1 Rg5 38. Rf8+ Kh7 39. Qf7+ 1-0

[Event "4NCL Division 2a"]
[Site "Daventry, ENG"]
[Date "2018.11.10"]
[Round "1.45"]
[White "Bak, Andrew"]
[Black "Hylands, Liam M"]
[Result "1/2-1/2"]
[WhiteElo "2008"]
[BlackElo "2087"]
[PlyCount "139"]
[EventDate "2018.11.10"]
[WhiteTeam "Bradford DCA Knights A"]
[BlackTeam "The ADs"]

1. e4 c5 2. Nf3 e6 3. d4 cxd4 4. Nxd4 Nf6 5. Nc3 d6 6. g4 h6 7. h4 Nc6 8. Rg1
h5 9. g5 Ng4 10. Be2 g6 11. Nb3 a6 12. Bxg4 hxg4 13. Qxg4 Ne5 14. Qe2 Rxh4 15.
f4 Rh2 16. Qf1 Nc6 17. Rh1 Rxh1 18. Qxh1 Bd7 19. Be3 Na5 20. Qh8 Qc7 21. Nxa5
Qxa5 22. Qf6 Be7 23. Qh8+ Bf8 24. O-O-O Qc7 25. f5 Bc6 26. Rf1 gxf5 27. exf5
O-O-O 28. fxe6 Be7 29. Qh3 fxe6 30. Qxe6+ Qd7 31. Qh6 d5 32. Bd4 Rg8 33. Bf6 d4
34. Qh7 Re8 35. Ne2 Bxf6 36. Qxd7+ Kxd7 37. gxf6 Bb5 38. f7 Rf8 39. Kd2 Bc4 40.
Rf4 Bxf7 41. Nxd4 Ke7 42. a4 Be8 43. Rh4 Bxa4 44. Rh7+ Rf7 45. Nf5+ Kf6 46.
Rxf7+ Kxf7 47. Nd6+ Ke6 48. Nxb7 Kd5 49. b3 Bd7 50. c4+ Kd4 51. Na5 Be6 52. Kc2
Bf5+ 53. Kb2 Be6 54. Ka3 Kc5 55. b4+ Kb6 56. Kb3 Bh3 57. Kc3 Bg2 58. Kd4 Bf3
59. Kc3 Bg2 60. Nb3 Bf1 61. Nd4 Kc7 62. c5 Bg2 63. Kc4 Bf1+ 64. Kd5 Bg2+ 65.
Ke6 Bh3+ 66. Ke7 Bg2 67. Ke8 Bh3 68. Kf7 Bg2 69. Ke7 Bh3 70. Ke8 1/2-1/2

[Event "4NCL Division 2a"]
[Site "Daventry, ENG"]
[Date "2018.11.10"]
[Round "1.46"]
[White "Bellin, Jana M"]
[Black "Gardiner, Eric D"]
[Result "0-1"]
[WhiteElo "2042"]
[BlackElo "1907"]
[PlyCount "116"]
[EventDate "2018.11.10"]
[WhiteTeam "The ADs"]
[BlackTeam "Bradford DCA Knights A"]

1. d4 d6 2. e4 Nf6 3. Nc3 e5 4. dxe5 dxe5 5. Qxd8+ Kxd8 6. Bg5 c6 7. Nf3 Nbd7
8. a3 Bd6 9. Bc4 Ke7 10. O-O-O Bc7 11. Nh4 g6 12. f3 Nb6 13. Bb3 Be6 14. g3
Bxb3 15. cxb3 Rad8 16. Ng2 Rxd1+ 17. Rxd1 Ke6 18. Bh6 Rd8 19. Ne3 Ng8 20. Bg7
f6 21. Rxd8 Bxd8 22. Ng4 h5 23. Nh6 Nxh6 24. Bxh6 g5 25. Nd1 Nc8 26. Bf8 Be7
27. Bxe7 Nxe7 28. Ne3 f5 29. b4 f4 30. Ng2 fxg3 31. hxg3 Ng6 32. Kd2 h4 33.
gxh4 gxh4 34. Ne3 Kf6 35. Ng4+ Kg5 36. Ke3 h3 37. Kf2 Kh4 38. Ne3 Nf4 39. Nf5+
Kg5 40. Kg3 Nd3 41. b3 h2 42. Kxh2 Kf4 43. Kg2 Ne1+ 44. Kf2 Nxf3 45. Nd6 Nd4
46. Nxb7 Kxe4 47. Nc5+ Kd5 48. Ke3 Nc2+ 49. Kd3 Nxa3 50. Ne4 Nb5 51. Nf6+ Ke6
52. Ne4 Nd4 53. Kc4 Kf5 54. Nd6+ Kf4 55. Kc5 Ke3 56. Nc4+ Ke4 57. Nd6+ Kd3 58.
Ne4 Nxb3+ 0-1

[Event "4NCL Division 2a"]
[Site "Daventry, ENG"]
[Date "2018.11.10"]
[Round "1.48"]
[White "Verma, Shlok"]
[Black "Patrick, David A"]
[Result "0-1"]
[WhiteElo "1600"]
[BlackElo "1880"]
[PlyCount "96"]
[EventDate "2018.11.10"]
[WhiteTeam "The ADs"]
[BlackTeam "Bradford DCA Knights A"]

1. d4 d5 2. c4 c6 3. cxd5 cxd5 4. Nc3 Nf6 5. Nf3 Nc6 6. e3 Bf5 7. Bd3 Bxd3 8.
Qxd3 a6 9. Rb1 e6 10. a3 Bd6 11. b4 O-O 12. Bb2 Rc8 13. O-O b5 14. h3 Re8 15.
Rfe1 Bb8 16. Rbc1 Ne7 17. Ne2 Ne4 18. Rxc8 Qxc8 19. Rc1 Qb7 20. Ne5 Rc8 21.
Rxc8+ Qxc8 22. Nc3 f6 23. Nf3 Nd6 24. Nd2 Qc7 25. g3 Nc4 26. Nxc4 Qxc4 27. Qxc4
dxc4 28. a4 Nd5 29. Nxd5 exd5 30. axb5 axb5 31. Kg2 Kf7 32. f4 f5 33. Kf3 Bd6
34. Bc3 Be7 35. h4 Kg6 36. Bd2 Kh5 37. Be1 Bf6 38. Bd2 Bxh4 39. gxh4 Kxh4 40.
Be1+ Kh3 41. Bd2 h6 42. Kf2 Kg4 43. Kg2 h5 44. e4 fxe4 45. Be3 g6 46. Bd2 h4
47. Bc1 h3+ 48. Kh2 c3 0-1

[Event "4NCL Division 2a"]
[Site "Daventry, ENG"]
[Date "2018.11.11"]
[Round "2.11"]
[White "Jayawarna, Nugith"]
[Black "Hanley, Craig A"]
[Result "0-1"]
[WhiteElo "2192"]
[BlackElo "2450"]
[PlyCount "58"]
[EventDate "2018.11.11"]
[WhiteTeam "Manchester Manticores 1"]
[BlackTeam "Spirit of Atticus A"]

1. c4 e5 2. g3 Nf6 3. Bg2 h6 4. Nc3 Bb4 5. e4 O-O 6. Nge2 d6 7. O-O Be6 8. d3
c6 9. f4 Bc5+ 10. Kh1 Ng4 11. f5 Nf2+ 12. Rxf2 Bxf2 13. fxe6 fxe6 14. b4 Nd7
15. Rb1 Nf6 16. Bh3 Qe8 17. Ng1 d5 18. Nf3 Rd8 19. Qe2 Bd4 20. Na4 dxc4 21.
dxc4 b6 22. Bb2 c5 23. b5 Nh7 24. Nxe5 Rf2 25. Qg4 Bxe5 26. Bxe5 Ng5 27. Rf1
Qf7 28. Kg1 Rxf1+ 29. Bxf1 Nf3+ 0-1

[Event "4NCL Division 2a"]
[Site "Daventry, ENG"]
[Date "2018.11.11"]
[Round "2.12"]
[White "Mitchell, Martin"]
[Black "Mazek, Marek"]
[Result "1-0"]
[WhiteElo "2227"]
[BlackElo "2110"]
[PlyCount "119"]
[EventDate "2018.11.11"]
[WhiteTeam "Spirit of Atticus A"]
[BlackTeam "Manchester Manticores 1"]

1. Nf3 d5 2. c4 c6 3. b3 Bf5 4. g3 Nf6 5. Bg2 h6 6. O-O e6 7. d3 Nbd7 8. Nfd2
e5 9. cxd5 cxd5 10. Nc3 Be6 11. e4 dxe4 12. dxe4 Bc5 13. Bb2 O-O 14. Rc1 Qa5
15. a3 Bd4 16. b4 Qd8 17. h3 Nb6 18. Nf3 Nc4 19. Ba1 Nxa3 20. Nxd4 exd4 21. Nd5
Nb5 22. Nf4 g5 23. Nxe6 fxe6 24. Qd3 Qd7 25. e5 Nh7 26. Qg6+ Kh8 27. Qxh6 Rf5
28. f4 gxf4 29. Rxf4 Rxf4 30. Qxf4 Rf8 31. Qe4 Qg7 32. Kh2 Qh6 33. Rc5 a6 34.
Bxd4 Ng5 35. Be3 Nxe4 36. Bxh6 Rf2 37. Rc8+ Kh7 38. Bf4 Rb2 39. Rc4 Nf2 40. Be3
Nd3 41. Bc5 Nxe5 42. Rf4 Nd3 43. Re4 a5 44. Rxe6 a4 45. Re7+ Kg6 46. Rxb7 Ne1
47. Rb8 Kf5 48. Rxb5 Rxg2+ 49. Kh1 Ke6 50. Rb7 Rxg3 51. Re7+ Kd5 52. Rxe1 Rxh3+
53. Kg2 Rc3 54. Kf2 Kc4 55. Ke2 Kb3 56. Bd4 Rc4 57. Kd3 Rc7 58. b5 Kb4 59. b6
Rh7 60. b7 1-0

[Event "4NCL Division 2a"]
[Site "Daventry, ENG"]
[Date "2018.11.11"]
[Round "2.13"]
[White "Hamer, Martyn"]
[Black "Carleton, John J"]
[Result "0-1"]
[WhiteElo "2117"]
[BlackElo "2259"]
[PlyCount "56"]
[EventDate "2018.11.11"]
[WhiteTeam "Manchester Manticores 1"]
[BlackTeam "Spirit of Atticus A"]

1. Nf3 d5 2. d4 Nf6 3. c4 e6 4. g3 Be7 5. Bg2 O-O 6. O-O c6 7. Qc2 b6 8. Nbd2
Nbd7 9. e4 a5 10. e5 Ne8 11. cxd5 cxd5 12. Re1 Ba6 13. Nf1 Rc8 14. Qd1 Nb8 15.
a3 b5 16. h4 b4 17. axb4 Bxb4 18. Bd2 Nc6 19. Ne3 Qb6 20. Bc3 Nc7 21. Ng5 h6
22. Qh5 Bd3 23. Ng4 Bg6 24. Nxh6+ gxh6 25. Qxh6 Rfe8 26. h5 Bf8 27. hxg6 Bxh6
28. gxf7+ Kg7 0-1

[Event "4NCL Division 2a"]
[Site "Daventry, ENG"]
[Date "2018.11.11"]
[Round "2.14"]
[White "House, Glenn L"]
[Black "Peacock, Malcolm R"]
[Result "1-0"]
[WhiteElo "2195"]
[BlackElo "2080"]
[PlyCount "101"]
[EventDate "2018.11.11"]
[WhiteTeam "Spirit of Atticus A"]
[BlackTeam "Manchester Manticores 1"]

1. e4 e6 2. Qe2 g6 3. Nf3 Bg7 4. d3 Ne7 5. g3 b6 6. Bg2 Bb7 7. h4 h6 8. O-O d6
9. c3 Nd7 10. d4 a6 11. Rd1 O-O 12. Nbd2 Kh7 13. Nf1 Qe8 14. N1h2 f5 15. exf5
exf5 16. Ng5+ hxg5 17. Bxb7 Rb8 18. Bxg5 Rxb7 19. Qxe7 Qxe7 20. Bxe7 Re8 21.
Re1 Nf6 22. Bxf6 Rxe1+ 23. Rxe1 Bxf6 24. Re8 Kg7 25. Ra8 c5 26. d5 a5 27. f4 b5
28. Rxa5 b4 29. cxb4 Rxb4 30. b3 Rd4 31. Nf3 Rxd5 32. Kg2 Rd3 33. Ra7+ Kg8 34.
Rd7 Bc3 35. Kf2 Rd1 36. Ke2 Ra1 37. Rxd6 Rxa2+ 38. Kd3 Bb4 39. Rxg6+ Kh8 40.
Rg5 Rb2 41. Kc4 Rc2+ 42. Kd5 Rc3 43. Ne5 Rxb3 44. Ke6 Be1 45. Kf7 Rb7+ 46. Kf6
Bc3 47. Kxf5 Bxe5 48. fxe5 c4 49. e6 c3 50. Kf6 Rc7 51. e7 1-0

[Event "4NCL Division 2a"]
[Site "Daventry, ENG"]
[Date "2018.11.11"]
[Round "2.15"]
[White "Mulleady, Peter J"]
[Black "Ivell, Nicholas W"]
[Result "1/2-1/2"]
[WhiteElo "2012"]
[BlackElo "2224"]
[PlyCount "35"]
[EventDate "2018.11.11"]
[WhiteTeam "Manchester Manticores 1"]
[BlackTeam "Spirit of Atticus A"]

1. c4 e6 2. g3 d5 3. Bg2 c5 4. Nf3 Nc6 5. O-O Nf6 6. cxd5 exd5 7. d4 Be7 8. Nc3
O-O 9. dxc5 Bxc5 10. Bg5 d4 11. Bxf6 Qxf6 12. Ne4 Qe7 13. Nxc5 Qxc5 14. a3 Qb6
15. Qc2 h6 16. Rfd1 Re8 17. Rd2 Be6 18. b4 1/2-1/2